[Event "1MCRE_F"]
[Site "?"]
[Date "2001.??.??"]
[Round "?"]
[White "Nemec, Jaroslav"]
[Black "Gubas, Jan"]
[Result "1-0"]
[WhiteElo "2340"]
[BlackElo "2250"]
[PlyCount "105"]
[EventDate "2001.??.??"]
[EventType "corr"]

1. e4 e6 2. d4 d5 3. Nd2 Nf6 4. e5 Nfd7 5. c3 c5 6. Bd3 Nc6 7. Ne2 cxd4 8. cxd4
f6 9. exf6 Nxf6 10. Nf3 Bd6 11. O-O O-O 12. Bf4 Bxf4 13. Nxf4 Ng4 14. Qd2 Qd6
15. g3 Bd7 16. Rfe1 Rae8 17. Rad1 e5 18. dxe5 Ngxe5 19. Nxe5 Nxe5 20. Be4 d4
21. Kg2 Nc6 22. f3 Kh8 23. Ne2 Rd8 24. Kg1 Be6 25. Bxc6 bxc6 26. Nxd4 Bxa2 27.
Qc3 Rf6 28. Nxc6 Qxd1 29. Rxd1 Rxd1+ 30. Kf2 Rfd6 31. g4 a6 32. Ne5 Be6 33. h4
Rd8 34. f4 Rc8 35. Qb4 Rdd8 36. h5 Rb8 37. Qe7 Re8 38. Qa3 a5 39. h6 gxh6 40.
Qxa5 Rxb2+ 41. Kg3 Rb7 42. f5 Bf7 43. Qa6 Rbe7 44. Qf6+ Kg8 45. Qxh6 Rb7 46.
Qg5+ Kh8 47. Kh4 Rc8 48. Qd2 Kg8 49. Nd7 h6 50. Nf6+ Kg7 51. Qd4 Rc6 52. Ne8+
Kf8 53. Nd6 1-0

[Event "1MCRE_F"]
[Site "?"]
[Date "2001.??.??"]
[Round "?"]
[White "Hybl, Vladislav"]
[Black "Ryska, Jiri"]
[Result "1-0"]
[WhiteElo "2305"]
[BlackElo "2210"]
[PlyCount "59"]
[EventDate "2001.??.??"]
[EventType "corr"]

1. e4 d5 2. exd5 Nf6 3. d4 Nxd5 4. Nf3 Bg4 5. h3 Bf5 6. c4 Nb4 7. Na3 c5 8. Bd2
e6 9. Bxb4 cxb4 10. Nc2 Qa5 11. b3 Nc6 12. Bd3 g6 13. O-O O-O-O 14. Bxf5 gxf5
15. Qe2 Rg8 16. a3 bxa3 17. c5 Qc7 18. Rxa3 a6 19. b4 Na7 20. Rd3 Bh6 21. Na3
Rg7 22. Rfd1 Nc6 23. b5 Nb4 24. Rb3 a5 25. Nc4 Nd5 26. b6 Qc6 27. Nce5 Qa4 28.
Qb2 Rdg8 29. Ra1 Rxg2+ 30. Kf1 1-0

[Event "1MCRE_F"]
[Site "?"]
[Date "2001.??.??"]
[Round "?"]
[White "Pytlik, Lesek"]
[Black "Pfeifer, Miroslav"]
[Result "1/2-1/2"]
[WhiteElo "2260"]
[BlackElo "2310"]
[PlyCount "38"]
[EventDate "2001.??.??"]
[EventType "corr"]

1. d3 e5 2. Nf3 Nc6 3. g3 d5 4. Bg2 Nf6 5. O-O Be7 6. Nbd2 O-O 7. e4 dxe4 8.
dxe4 Be6 9. Qe2 Qd6 10. c3 h6 11. b4 Rfd8 12. a4 a6 13. Rb1 Qd3 14. Qxd3 Rxd3
15. b5 axb5 16. axb5 Nb8 17. Nxe5 Rxc3 18. Nef3 Rd3 19. Bb2 Nbd7 1/2-1/2

[Event "1MCRE_F"]
[Site "?"]
[Date "2001.??.??"]
[Round "?"]
[White "Bultman, Milan"]
[Black "Gubas, Jan"]
[Result "0-1"]
[WhiteElo "2295"]
[BlackElo "2250"]
[PlyCount "60"]
[EventDate "2001.??.??"]
[EventType "corr"]

1. d4 d5 2. Nf3 Nf6 3. Bg5 Ne4 4. Bf4 Bf5 5. Nbd2 e6 6. e3 c6 7. Nxe4 Bxe4 8.
Nd2 Bg6 9. Be2 Bd6 10. Bxd6 Qxd6 11. c4 O-O 12. c5 Qc7 13. Ne4 dxe4 14. Bc4 Nd7
15. O-O Nf6 16. f3 exf3 17. Qxf3 Rad8 18. b4 Rfe8 19. h3 e5 20. Rad1 Nd5 21.
Bxd5 Rxd5 22. Rfe1 Qd8 23. dxe5 Rexe5 24. Rxd5 Rxd5 25. Rf1 a5 26. a3 Rd3 27.
Ra1 Qd5 28. Qxd5 Rxd5 29. g4 h5 30. gxh5 Rxh5 0-1

[Event "1MCRE_F"]
[Site "?"]
[Date "2001.??.??"]
[Round "?"]
[White "Pytlik, Lesek"]
[Black "Nemec, Jaroslav"]
[Result "1/2-1/2"]
[WhiteElo "2260"]
[BlackElo "2340"]
[PlyCount "56"]
[EventDate "2001.??.??"]
[EventType "corr"]

1. d3 d5 2. Nf3 Nf6 3. g3 Nc6 4. Bg2 e5 5. O-O Be7 6. Nbd2 O-O 7. e4 dxe4 8.
dxe4 Be6 9. b3 Qd6 10. Bb2 Rfd8 11. a3 g5 12. h3 h5 13. Bc3 g4 14. Ng5 Bd7 15.
h4 Ne8 16. Qe2 b5 17. Rfd1 Nd4 18. Bxd4 Qxd4 19. Nc4 Qc3 20. Ne3 Bc5 21. Nf5
Bf8 22. Rac1 Bc6 23. f3 Nf6 24. fxg4 Bxa3 25. Rxd8+ Rxd8 26. Rd1 Rxd1+ 27. Qxd1
Bc5+ 28. Kh1 Nxg4 1/2-1/2

[Event "1MCRE_F"]
[Site "?"]
[Date "2001.??.??"]
[Round "?"]
[White "Priesol, Daniel"]
[Black "Vrkoc, David"]
[Result "0-1"]
[WhiteElo "2285"]
[BlackElo "2335"]
[PlyCount "50"]
[EventDate "2001.??.??"]
[EventType "corr"]

1. e4 c5 2. Nf3 d6 3. d4 cxd4 4. Nxd4 Nf6 5. Nc3 a6 6. Bg5 e6 7. f4 Qb6 8. a3
Nbd7 9. Nb3 h6 10. Bxf6 Nxf6 11. Qd3 Be7 12. Be2 e5 13. f5 Bd7 14. O-O-O O-O
15. g4 Rfc8 16. Nd2 Rc6 17. Nc4 Qd8 18. Ne3 Rac8 19. Kb1 Rxc3 20. bxc3 Bc6 21.
Bf3 Nd7 22. f6 Nc5 23. Qc4 Bxf6 24. Nf5 b5 25. Qa2 Bxe4 0-1

[Event "1MCRE_F"]
[Site "?"]
[Date "2001.??.??"]
[Round "?"]
[White "Ryska, Jiri"]
[Black "Alexa, Jaroslav"]
[Result "0-1"]
[WhiteElo "2210"]
[BlackElo "2380"]
[PlyCount "85"]
[EventDate "2001.??.??"]
[EventType "corr"]

1. Nf3 d5 2. d4 c6 3. c4 Nf6 4. Nc3 e6 5. e3 Nbd7 6. Bd3 dxc4 7. Bxc4 b5 8. Bd3
Bb7 9. e4 b4 10. Na4 c5 11. e5 Nd5 12. Nxc5 Nxc5 13. dxc5 Bxc5 14. Qa4+ Ke7 15.
Qb3 h6 16. Bd2 Qb6 17. O-O Rhd8 18. Rac1 Rac8 19. Be2 Kf8 20. Ne1 a5 21. a3
bxa3 22. Qxb6 Nxb6 23. Bxa5 axb2 24. Rb1 Na4 25. Nd3 Bd4 26. Bxd8 Rxd8 27. Nxb2
Nxb2 28. Rfe1 Be4 29. Rbc1 Bxe5 30. Rc5 Bd4 31. Rb5 Ra8 32. Bf3 Bxf3 33. gxf3
Nd3 34. Rd1 Nf4 35. Kh1 Ra2 36. h4 e5 37. Rc1 Rxf2 38. Rc8+ Ke7 39. Rb7+ Ke6
40. Re8+ Kf6 41. Rf8 Rxf3 42. Rfxf7+ Kg6 43. Rxg7+ 0-1

[Event "1MCRE_F"]
[Site "?"]
[Date "2001.??.??"]
[Round "?"]
[White "Lounek, Jan"]
[Black "Bultman, Milan"]
[Result "1-0"]
[WhiteElo "2245"]
[BlackElo "2295"]
[PlyCount "69"]
[EventDate "2001.??.??"]
[EventType "corr"]

1. e4 c5 2. Nf3 d6 3. d4 cxd4 4. Nxd4 Nf6 5. Nc3 Nc6 6. Bg5 e6 7. Qd2 Be7 8.
O-O-O O-O 9. f4 Nxd4 10. Qxd4 Qa5 11. Bc4 h6 12. h4 Rd8 13. Qe3 Bd7 14. Bb3
Rac8 15. Kb1 Rc6 16. g4 Rcc8 17. f5 Rc6 18. fxe6 fxe6 19. Bxf6 Bxf6 20. Nd5
exd5 21. Rxd5 Qc7 22. g5 Bxb2 23. gxh6 Be6 24. Kxb2 Bxd5 25. exd5 Rb6 26. Rg1
Rd7 27. Qe8+ Kh7 28. Rg5 Qd8 29. Rxg7+ Rxg7 30. Qxd8 Rg8 31. Qe7+ Kxh6 32. c4
Rg6 33. Kc3 Rg3+ 34. Kd2 Rg2+ 35. Ke3 1-0

[Event "1MCRE_F"]
[Site "?"]
[Date "2001.??.??"]
[Round "?"]
[White "Priesol, Daniel"]
[Black "Zpevakova, Katerina"]
[Result "1/2-1/2"]
[WhiteElo "2285"]
[BlackElo "2325"]
[PlyCount "71"]
[EventDate "2001.??.??"]
[EventType "corr"]

1. e4 c5 2. Nf3 e6 3. d4 cxd4 4. Nxd4 a6 5. Bd3 Nf6 6. O-O Qc7 7. Qe2 d6 8. c4
g6 9. Nc3 Bg7 10. Rd1 O-O 11. Nf3 Nc6 12. h3 Nd7 13. Bf4 Nce5 14. Nxe5 Nxe5 15.
Rac1 b6 16. Qe3 Rb8 17. b3 Bb7 18. Bb1 Ba8 19. Rd2 Rfd8 20. Bg5 f6 21. Bf4 b5
22. cxb5 axb5 23. Ne2 Qa5 24. Nd4 Re8 25. Rdc2 b4 26. Rc7 Nf7 27. Nxe6 Rxe6 28.
Ra7 Qh5 29. Rxf7 Kxf7 30. Qa7+ Rb7 31. Qxa8 Rbe7 32. Bd3 Bh6 33. Bxh6 Qxh6 34.
Rc8 Qd2 35. Bc4 Qc1+ 36. Kh2 1/2-1/2

[Event "1MCRE_F"]
[Site "?"]
[Date "2001.??.??"]
[Round "?"]
[White "Bultman, Milan"]
[Black "Geryk, Miroslav"]
[Result "0-1"]
[WhiteElo "2295"]
[BlackElo "2225"]
[PlyCount "60"]
[EventDate "2001.??.??"]
[EventType "corr"]

1. d4 Nf6 2. Bg5 e6 3. Nf3 d5 4. c4 Be7 5. e3 h6 6. Bh4 O-O 7. Nc3 b6 8. Rc1
Bb7 9. cxd5 Nxd5 10. Bxe7 Qxe7 11. Nxd5 Bxd5 12. Bc4 Bxf3 13. Qxf3 Qb4+ 14. Kd1
Nd7 15. Bb3 c5 16. Rc4 Qb5 17. Kc1 a5 18. Rc2 cxd4 19. exd4 Nf6 20. Kb1 Rad8
21. Rd1 Rd6 22. Rc7 Rfd8 23. Bc2 Qe8 24. Rc4 Qd7 25. Qf4 Rd5 26. Qc1 b5 27. Rc3
Rxd4 28. Rxd4 Qxd4 29. Rd3 Qb6 30. Qe3 Qb8 0-1

[Event "1MCRE_F"]
[Site "?"]
[Date "2001.??.??"]
[Round "?"]
[White "Bures, Jilji"]
[Black "Geryk, Miroslav"]
[Result "1/2-1/2"]
[WhiteElo "2285"]
[BlackElo "2225"]
[PlyCount "69"]
[EventDate "2001.??.??"]
[EventType "corr"]

1. e4 c5 2. Nf3 d6 3. d4 cxd4 4. Nxd4 Nf6 5. Nc3 a6 6. g3 e5 7. Nde2 Nbd7 8. a4
b6 9. Bg2 Bb7 10. h3 Rc8 11. O-O Be7 12. g4 Nc5 13. Ng3 O-O 14. Be3 h6 15. Qd2
Re8 16. Rfd1 Qc7 17. g5 hxg5 18. Bxg5 Ne6 19. Nf5 Nd4 20. Nxe7+ Qxe7 21. f4 b5
22. axb5 axb5 23. Ra7 Qc7 24. fxe5 dxe5 25. Rxb7 Qxb7 26. Bxf6 Qb6 27. Nd5 Nf3+
28. Kh1 Nxd2 29. Nxb6 Rxc2 30. Bg5 Nb3 31. Bf1 Rxb2 32. Bxb5 Rb8 33. Nc4 Rc2
34. Ne3 Rb2 35. Nc4 1/2-1/2

[Event "1MCRE_F"]
[Site "?"]
[Date "2001.??.??"]
[Round "?"]
[White "Pytlik, Lesek"]
[Black "Geryk, Miroslav"]
[Result "0-1"]
[WhiteElo "2260"]
[BlackElo "2225"]
[PlyCount "48"]
[EventDate "2001.??.??"]
[EventType "corr"]

1. d3 d5 2. Nf3 Nf6 3. g3 Nc6 4. Bg2 e5 5. O-O Be7 6. Nbd2 O-O 7. e4 dxe4 8.
dxe4 Qd6 9. c3 h6 10. Nc4 Qe6 11. Nfd2 Rd8 12. Ne3 b5 13. Nd5 Nxd5 14. exd5
Rxd5 15. Bxd5 Qxd5 16. Nb3 Qc4 17. Re1 Be6 18. Be3 a5 19. Nd2 Qd3 20. a4 b4 21.
Qf3 Bd5 22. Qe2 Qf5 23. Qb5 Qd7 24. Rad1 Rb8 0-1

[Event "1MCRE_F"]
[Site "?"]
[Date "2001.??.??"]
[Round "?"]
[White "Pytlik, Lesek"]
[Black "Macka, Miroslav"]
[Result "1/2-1/2"]
[WhiteElo "2260"]
[BlackElo "2270"]
[PlyCount "57"]
[EventDate "2001.??.??"]
[EventType "corr"]

1. d3 e5 2. Nf3 Nc6 3. g3 d5 4. Bg2 Nf6 5. O-O Be7 6. Nbd2 O-O 7. h3 Qd6 8. e4
dxe4 9. dxe4 Rd8 10. Qe2 Be6 11. Re1 Rd7 12. c3 a6 13. Ng5 Rad8 14. Nf1 h6 15.
Nxe6 Qxe6 16. Kh2 Bc5 17. Ne3 a5 18. Rd1 Rxd1 19. Nxd1 Qd6 20. Be3 Nd7 21. Bxc5
Nxc5 22. Ne3 Qd3 23. Re1 Qxe2 24. Rxe2 Kf8 25. f4 exf4 26. gxf4 Nd3 27. Kg3 g5
28. fxg5 hxg5 29. Rd2 1/2-1/2

[Event "1MCRE_F"]
[Site "?"]
[Date "2001.??.??"]
[Round "?"]
[White "Macka, Miroslav"]
[Black "Nemec, Jaroslav"]
[Result "0-1"]
[WhiteElo "2270"]
[BlackElo "2340"]
[PlyCount "88"]
[EventDate "2001.??.??"]
[EventType "corr"]

1. e4 c5 2. Nf3 d6 3. d4 cxd4 4. Nxd4 Nf6 5. Nc3 a6 6. Bg5 e6 7. f4 Qb6 8. a3
Nbd7 9. Be2 Be7 10. Rb1 O-O 11. f5 Ne5 12. Qd2 Bd7 13. fxe6 fxe6 14. O-O h6 15.
Be3 Nfg4 16. Bf4 Rxf4 17. Rxf4 Bg5 18. g3 Nf6 19. Kh1 Rf8 20. Nb3 Bxf4 21. gxf4
Nxe4 22. Nxe4 Bc6 23. Qd4 Qxd4 24. Nxd4 Bxe4+ 25. Kg1 Rxf4 26. Nxe6 Bxc2 27.
Rc1 Rf6 28. Rxc2 Rxe6 29. Bf1 Re7 30. Bg2 Kf7 31. Rd2 Rd7 32. Kf2 g5 33. Bd5+
Ke7 34. Rc2 Kd8 35. Ke3 Rc7 36. Rd2 b5 37. Ke4 Rc1 38. Kf5 Ke7 39. Ke4 Re1+ 40.
Kd4 a5 41. Rf2 g4 42. Kc3 h5 43. Kd2 Rb1 44. Kc2 Rg1 0-1

[Event "1MCRE_F"]
[Site "?"]
[Date "2001.??.??"]
[Round "?"]
[White "Hybl, Vladislav"]
[Black "Pytlik, Lesek"]
[Result "1-0"]
[WhiteElo "2305"]
[BlackElo "2260"]
[PlyCount "55"]
[EventDate "2001.??.??"]
[EventType "corr"]

1. d4 Nf6 2. c4 c5 3. d5 g6 4. Nc3 Bg7 5. e4 d6 6. f4 e6 7. Nf3 exd5 8. cxd5
O-O 9. Bd3 Re8 10. O-O c4 11. Bc2 b5 12. e5 dxe5 13. fxe5 Ng4 14. Nxb5 Rxe5 15.
Nxe5 Bxe5 16. Qf3 f5 17. h3 Qb6+ 18. Kh1 Nh2 19. Qe2 Nd7 20. Rf2 Qxb5 21. Bf4
Qxb2 22. Re1 Bxf4 23. Rxf4 Nf6 24. Qxc4 Bb7 25. Rb1 Bxd5 26. Rxb2 Bxc4 27. Rxc4
Nf1 28. Rc6 1-0

[Event "1MCRE_F"]
[Site "?"]
[Date "2001.??.??"]
[Round "?"]
[White "Pytlik, Lesek"]
[Black "Gubas, Jan"]
[Result "0-1"]
[WhiteElo "2260"]
[BlackElo "2250"]
[PlyCount "74"]
[EventDate "2001.??.??"]
[EventType "corr"]

1. d3 g6 2. Nf3 Bg7 3. g3 d6 4. Bg2 e5 5. O-O Ne7 6. c3 O-O 7. e4 Nbc6 8. Bg5
h6 9. Bxe7 Nxe7 10. Nbd2 c5 11. Qc2 Be6 12. Rfe1 b5 13. Nf1 Rb8 14. Ne3 Qd7 15.
Nd2 f5 16. exf5 gxf5 17. a4 b4 18. Nec4 Ng6 19. Na5 Kh7 20. c4 Rg8 21. Kh1 Bf6
22. Re2 h5 23. Rae1 h4 24. Nc6 Rbe8 25. Rd1 Kh8 26. Bd5 Bxd5+ 27. cxd5 Ne7 28.
Nxe7 Rxe7 29. Rg1 Qb7 30. Qb3 Rh7 31. Kg2 Qc8 32. d4 cxd4 33. Qxb4 f4 34. Qxd6
Qf5 35. Kh1 d3 36. Ree1 hxg3 37. Rg2 Rd8 0-1

[Event "1MCRE_F"]
[Site "?"]
[Date "2001.??.??"]
[Round "?"]
[White "Doudera, Lubomir"]
[Black "Pytlik, Lesek"]
[Result "1/2-1/2"]
[WhiteElo "2260"]
[BlackElo "2260"]
[PlyCount "46"]
[EventDate "2001.??.??"]
[EventType "corr"]

1. e4 d5 2. exd5 Nf6 3. d4 Nxd5 4. c4 Nb6 5. Nc3 e5 6. Qe2 Qxd4 7. Nf3 Qc5 8.
Be3 Qa5 9. Bd2 Bb4 10. a3 Nc6 11. Rd1 Bxc3 12. Bxc3 Qa4 13. Nxe5 O-O 14. c5
Nxe5 15. Bxe5 Nd7 16. Bd4 b6 17. Qc4 Re8+ 18. Be3 Qxc4 19. Bxc4 Nxc5 20. Bb5
Rf8 21. b4 Ne6 22. O-O Bb7 23. f4 a6 1/2-1/2

[Event "1MCRE_F"]
[Site "?"]
[Date "2001.??.??"]
[Round "?"]
[White "Lounek, Jan"]
[Black "Alexa, Jaroslav"]
[Result "1-0"]
[WhiteElo "2245"]
[BlackElo "2380"]
[PlyCount "75"]
[EventDate "2001.??.??"]
[EventType "corr"]

1. e4 c5 2. Nf3 Nc6 3. d4 cxd4 4. Nxd4 Nf6 5. Nc3 e5 6. Ndb5 d6 7. Bg5 a6 8.
Na3 b5 9. Bxf6 gxf6 10. Nd5 f5 11. Bd3 Be6 12. O-O Bg7 13. Qh5 f4 14. c4 b4 15.
Nc2 Rb8 16. Rfd1 O-O 17. a3 Qd7 18. Re1 b3 19. Ncb4 Nxb4 20. axb4 Bxd5 21. cxd5
Rxb4 22. Rxa6 Qc7 23. Rc6 Qb8 24. Ra1 Rd8 25. h3 Rd4 26. Rc3 Rb4 27. Qf5 Rf8
28. Be2 Qd8 29. Bf3 Rb7 30. Ra6 Qb8 31. Bh5 Ra7 32. Rxb3 Rxa6 33. Rxb8 Rxb8 34.
Qxf7+ Kh8 35. Bg4 Rab6 36. Bf5 R6b7 37. Qe6 Bf8 38. h4 1-0

[Event "1MCRE_F"]
[Site "?"]
[Date "2001.??.??"]
[Round "?"]
[White "Hybl, Vladislav"]
[Black "Lounek, Jan"]
[Result "0-1"]
[WhiteElo "2305"]
[BlackElo "2245"]
[PlyCount "86"]
[EventDate "2001.??.??"]
[EventType "corr"]

1. e4 e5 2. Nf3 Nc6 3. Bb5 a6 4. Ba4 Nf6 5. O-O Be7 6. Re1 b5 7. Bb3 O-O 8. a4
Bb7 9. d3 d6 10. Nc3 Na5 11. Ba2 b4 12. Ne2 Rb8 13. Nd2 c5 14. Nc4 Nxc4 15.
Bxc4 Ne8 16. Ng3 Nc7 17. Nf5 Bf6 18. Re3 d5 19. exd5 Nxd5 20. Rg3 g6 21. Bh6
Re8 22. Qg4 Bc8 23. Qf3 Nb6 24. Ba2 c4 25. a5 b3 26. cxb3 cxd3 27. b4 e4 28.
Qf4 Be5 29. Bxf7+ Kxf7 30. Nd6+ Ke6 31. Qxe5+ Kxe5 32. Nf7+ Kd5 33. Nxd8 Nc4
34. Nf7 Rxb4 35. Ng5 Bf5 36. Nxh7 Reb8 37. Bf4 R8b7 38. Rg5 Rxh7 39. g4 Ne5 40.
Bxe5 Kxe5 41. gxf5 gxf5 42. Rg6 Rxb2 43. Rxa6 Rg7+ 0-1

[Event "1MCRE_F"]
[Site "?"]
[Date "2001.??.??"]
[Round "?"]
[White "Hybl, Vladislav"]
[Black "Macka, Miroslav"]
[Result "1/2-1/2"]
[WhiteElo "2305"]
[BlackElo "2270"]
[PlyCount "65"]
[EventDate "2001.??.??"]
[EventType "corr"]

1. e4 c5 2. Nf3 e6 3. d4 cxd4 4. Nxd4 Nf6 5. Nc3 d6 6. Bc4 Be7 7. O-O Nc6 8.
Be3 O-O 9. a3 Nxd4 10. Bxd4 Nxe4 11. Nxe4 d5 12. Bd3 dxe4 13. Bxe4 Bd6 14. g3
Qc7 15. Qd3 f5 16. Bg2 e5 17. Bc3 e4 18. Qd5+ Kh8 19. Rad1 Bc5 20. Be5 Qb6 21.
Bd6 Bxd6 22. Qxd6 Qxd6 23. Rxd6 b6 24. f3 Ba6 25. Re1 exf3 26. Bxf3 Rac8 27. c3
Rc7 28. Kf2 Bc4 29. Red1 g6 30. Rd7 Rf7 31. Rxf7 Bxf7 32. Rd6 Kg7 33. h4
1/2-1/2

[Event "1MCRE_F"]
[Site "?"]
[Date "2001.??.??"]
[Round "?"]
[White "Hybl, Vladislav"]
[Black "Vrkoc, David"]
[Result "1/2-1/2"]
[WhiteElo "2305"]
[BlackElo "2335"]
[PlyCount "59"]
[EventDate "2001.??.??"]
[EventType "corr"]

1. e4 c5 2. Nf3 d6 3. d4 cxd4 4. Nxd4 Nf6 5. Nc3 a6 6. Bg5 e6 7. f4 Qb6 8. Nb3
Be7 9. Qf3 Nbd7 10. O-O-O Qc7 11. Bd3 b5 12. a3 Bb7 13. Rhe1 Rc8 14. Kb1 h6 15.
Qh3 Nb6 16. Nd4 Nc4 17. e5 Nxb2 18. Ncxb5 axb5 19. Nxb5 Qa5 20. Kxb2 dxe5 21.
fxe5 Bxa3+ 22. Nxa3 Qc3+ 23. Kb1 Qb4+ 24. Ka2 Ra8 25. Bg6 Ng4 26. Bxf7+ Kxf7
27. Rd7+ Kg8 28. Bd2 Bd5+ 29. Rxd5 Qc4+ 30. Kb2 1/2-1/2

[Event "1MCRE_F"]
[Site "?"]
[Date "2001.??.??"]
[Round "?"]
[White "Ryska, Jiri"]
[Black "Bultman, Milan"]
[Result "0-1"]
[WhiteElo "2210"]
[BlackElo "2295"]
[PlyCount "64"]
[EventDate "2001.??.??"]
[EventType "corr"]

1. e4 c5 2. Nf3 d6 3. d4 cxd4 4. Nxd4 Nf6 5. Nc3 Nc6 6. Bg5 e6 7. Qd2 Be7 8.
O-O-O O-O 9. f4 Nxd4 10. Qxd4 Qa5 11. Bc4 h6 12. Bh4 e5 13. Qd3 exf4 14. Rhf1
Qh5 15. Bxf6 Bxf6 16. h3 Be6 17. Bxe6 fxe6 18. Qxd6 Rfe8 19. Qb4 Qg5 20. Rd2
Rad8 21. Rfd1 Rxd2 22. Rxd2 Rd8 23. Rxd8+ Bxd8 24. Kd1 Qxg2 25. Qd6 f3 26.
Qxd8+ Kh7 27. Qd3 f2 28. e5+ Kg8 29. Qd8+ Kf7 30. Qd7+ Kg6 31. Qxe6+ Kg5 32.
Qe7+ Kh5 0-1

[Event "1MCRE_F"]
[Site "?"]
[Date "2001.??.??"]
[Round "?"]
[White "Ryska, Jiri"]
[Black "Nemec, Jaroslav"]
[Result "0-1"]
[WhiteElo "2210"]
[BlackElo "2340"]
[PlyCount "70"]
[EventDate "2001.??.??"]
[EventType "corr"]

1. Nf3 Nf6 2. d4 d5 3. g3 Bf5 4. c3 e6 5. Qb3 Qc8 6. Bg2 c5 7. dxc5 Nbd7 8. Be3
Bxc5 9. Bxc5 Qxc5 10. Nbd2 e5 11. Nh4 Be6 12. Nhf3 O-O 13. O-O a5 14. a4 Rfc8
15. Qc2 Rab8 16. Rfd1 b5 17. axb5 Rxb5 18. e3 Qb6 19. Rdb1 g6 20. Nh4 d4 21.
exd4 exd4 22. Bf1 Rb4 23. Nhf3 Ng4 24. Ne4 Bf5 25. Bd3 Nge5 26. Qe2 Nxf3+ 27.
Qxf3 Rxb2 28. cxd4 Rxb1+ 29. Rxb1 Qxd4 30. Qe2 Re8 31. Rd1 a4 32. Bc2 Qb2 33.
Qc4 a3 34. Ng5 Ne5 35. Qh4 Bxc2 0-1

[Event "1MCRE_F"]
[Site "?"]
[Date "2001.??.??"]
[Round "?"]
[White "Macka, Miroslav"]
[Black "Alexa, Jaroslav"]
[Result "1/2-1/2"]
[WhiteElo "2270"]
[BlackElo "2380"]
[PlyCount "74"]
[EventDate "2001.??.??"]
[EventType "corr"]

1. e4 c5 2. Nf3 Nc6 3. d4 cxd4 4. Nxd4 Nf6 5. Nc3 d6 6. Bg5 e6 7. Qd2 a6 8.
O-O-O h6 9. Be3 Be7 10. f4 Nxd4 11. Bxd4 b5 12. Bxf6 Bxf6 13. Qxd6 Qxd6 14.
Rxd6 Bb7 15. e5 Be7 16. Rd2 g5 17. Bd3 gxf4 18. Rf1 O-O-O 19. Be4 f5 20. exf6
Rxd2 21. Kxd2 Bxf6 22. Rf3 Be5 23. Bxb7+ Kxb7 24. Ne2 Bxb2 25. Nxf4 Rd8+ 26.
Nd3 Bd4 27. c3 Bh8 28. Kc2 Rc8 29. Nf4 Rc6 30. Kb3 a5 31. Re3 a4+ 32. Kc2 Bd4
33. Rxe6 Rxc3+ 34. Kb1 Rc6 35. Re4 Rd6 36. Kc2 Kc6 37. g4 b4 1/2-1/2

[Event "1MCRE_F"]
[Site "?"]
[Date "2001.??.??"]
[Round "?"]
[White "Nemec, Jaroslav"]
[Black "Priesol, Daniel"]
[Result "1-0"]
[WhiteElo "2340"]
[BlackElo "2285"]
[PlyCount "85"]
[EventDate "2001.??.??"]
[EventType "corr"]

1. e4 e5 2. Nf3 Nf6 3. Nxe5 d6 4. Nf3 Nxe4 5. d4 d5 6. Bd3 Be7 7. O-O Nc6 8.
Re1 Bg4 9. c3 f5 10. Qb3 O-O 11. Nbd2 Na5 12. Qa4 Nc6 13. Bb5 Nxd2 14. Nxd2 Qd6
15. h3 Bh5 16. Nb3 Bh4 17. Nc5 Nd8 18. Be8 Bxe8 19. Rxe8 c6 20. Rxf8+ Qxf8 21.
Bd2 Qf7 22. Re1 g6 23. Bf4 Bf6 24. Bd6 a5 25. Qd1 b6 26. Nd3 Ne6 27. Qb3 b5 28.
a4 Qd7 29. Be5 Be7 30. Bg3 b4 31. Ne5 Qc8 32. Qd1 Bf8 33. Qd3 bxc3 34. bxc3 Ra7
35. Nf3 Ng7 36. c4 Qa6 37. Ne5 Nh5 38. Bh4 dxc4 39. Qf3 Rc7 40. Rc1 Bd6 41.
Nxc4 Bf4 42. Rc2 Rd7 43. g3 1-0

[Event "1MCRE_F"]
[Site "?"]
[Date "2001.??.??"]
[Round "?"]
[White "Bures, Jilji"]
[Black "Alexa, Jaroslav"]
[Result "1/2-1/2"]
[WhiteElo "2285"]
[BlackElo "2380"]
[PlyCount "69"]
[EventDate "2001.??.??"]
[EventType "corr"]

1. e4 c5 2. Nf3 d6 3. d4 cxd4 4. Nxd4 Nf6 5. Nc3 a6 6. g3 e5 7. Nde2 Nbd7 8. a4
b6 9. Bg2 Bb7 10. h3 Rc8 11. O-O Be7 12. g4 Nc5 13. Ng3 O-O 14. Be3 g6 15. Qd2
Ne6 16. Rad1 Re8 17. g5 Nd7 18. h4 Bf8 19. Bh3 Rc4 20. b3 Rc7 21. Nd5 Bxd5 22.
exd5 Nd4 23. Bxd4 exd4 24. Bxd7 Qxd7 25. Qxd4 Rxc2 26. Qxb6 Qh3 27. Rfe1 Rec8
28. h5 R8c3 29. Re3 Rc1 30. Rde1 Rxe1+ 31. Rxe1 gxh5 32. Qd4 Rxb3 33. Ne4 Qg4+
34. Kf1 Qh3+ 35. Kg1 1/2-1/2

[Event "1MCRE_F"]
[Site "?"]
[Date "2001.??.??"]
[Round "?"]
[White "Zpevakova, Katerina"]
[Black "Macka, Miroslav"]
[Result "1-0"]
[WhiteElo "2325"]
[BlackElo "2270"]
[PlyCount "89"]
[EventDate "2001.??.??"]
[EventType "corr"]

1. d4 Nf6 2. c4 e6 3. Nf3 b6 4. a3 Bb7 5. Nc3 d5 6. cxd5 Nxd5 7. Qc2 Nxc3 8.
Qxc3 Be7 9. Bf4 O-O 10. Qxc7 Qxc7 11. Bxc7 Rc8 12. Bf4 Nd7 13. Bd2 Rc7 14. e3
Rac8 15. Bb5 a6 16. Bd3 Nf6 17. Ke2 h6 18. Rhc1 b5 19. Rxc7 Rxc7 20. Rc1 Rxc1
21. Bxc1 Kf8 22. g3 Bd6 23. Bd2 Ke8 24. Ba5 g5 25. h4 gxh4 26. Nxh4 Bd5 27. Nf3
Ne4 28. Bb4 Bb8 29. Nd2 f5 30. a4 Nxd2 31. Kxd2 bxa4 32. Bxa6 Bc6 33. Bc4 Kf7
34. Kc3 Bc7 35. Be2 Ke8 36. Kc4 Bb6 37. Ba3 Ba5 38. Kc5 Kd7 39. Bc4 Be1 40.
Bxe6+ Kxe6 41. Kxc6 Bxf2 42. d5+ Kf7 43. d6 Bxe3 44. d7 Bg5 45. Bd6 1-0

[Event "1MCRE_F"]
[Site "?"]
[Date "2001.??.??"]
[Round "110"]
[White "Makovsky, Petr"]
[Black "Hybl, Vladislav"]
[Result "1/2-1/2"]
[WhiteElo "2295"]
[BlackElo "2305"]
[PlyCount "102"]
[EventDate "2001.??.??"]
[EventType "corr"]

1. e4 e5 2. Nf3 Nc6 3. Bc4 Bc5 4. d3 Nf6 5. c3 d6 6. Nbd2 a6 7. O-O O-O 8. Bb3
b5 9. Re1 Bg4 10. Nf1 h6 11. h3 Be6 12. Bxe6 fxe6 13. d4 exd4 14. cxd4 Bb6 15.
a4 Qd7 16. e5 Nd5 17. axb5 axb5 18. Rxa8 Rxa8 19. exd6 cxd6 20. Ne3 Nce7 21.
Nxd5 Nxd5 22. Bd2 Rf8 23. Qe2 Rf6 24. Qe4 Qf7 25. Ra1 Qe8 26. b3 Qg6 27. Qxg6
Rxg6 28. Ra8+ Kf7 29. Rb8 Ke7 30. Rb7+ Ke8 31. Be3 Bc7 32. Rxb5 Bb6 33. Ne1 Kd7
34. Nd3 Kc6 35. Rxd5 exd5 36. Nb4+ Kb5 37. Nxd5 Bd8 38. Kf1 Re6 39. Ke2 Kc6 40.
Nc3 d5 41. b4 Bg5 42. b5+ Kd6 43. h4 Bxe3 44. fxe3 h5 45. Kf3 Rf6+ 46. Ke2 Rf5
47. Kd3 g6 48. e4 dxe4+ 49. Kxe4 Rf2 50. g3 Rb2 51. Kd3 Rb4 1/2-1/2

[Event "1MCRE_F"]
[Site "?"]
[Date "2001.??.??"]
[Round "?"]
[White "Lounek, Jan"]
[Black "Bures, Jilji"]
[Result "1/2-1/2"]
[WhiteElo "2245"]
[BlackElo "2285"]
[PlyCount "94"]
[EventDate "2001.??.??"]
[EventType "corr"]

1. e4 c5 2. Nf3 Nc6 3. d4 cxd4 4. Nxd4 Nf6 5. Nc3 e5 6. Ndb5 d6 7. Bg5 a6 8.
Na3 b5 9. Bxf6 gxf6 10. Nd5 Bg7 11. c3 f5 12. exf5 Bxf5 13. Nc2 Ne7 14. Bd3 Be6
15. Nxe7 Qxe7 16. Be4 Rc8 17. Ne3 Rc5 18. O-O O-O 19. Qd3 h6 20. b4 Rc7 21. a4
Rfc8 22. Rfc1 Bc4 23. Qd2 Be6 24. axb5 axb5 25. Nd5 Bxd5 26. Qxd5 Rxc3 27. Rxc3
Rxc3 28. Qxb5 Rc8 29. g3 Qc7 30. Qd5 Rb8 31. b5 Bf8 32. Ra8 Rxa8 33. Qxa8 d5
34. Bxd5 Kg7 35. Qe8 Qe7 36. Qc8 Qd6 37. Qc4 Qf6 38. Kg2 Be7 39. Bc6 Bd8 40.
Qc5 Qe7 41. Qe3 Qd6 42. h4 Ba5 43. h5 Bd8 44. Qf3 Bb6 45. Bd5 Qf6 46. Qg4+ Kf8
47. Qc8+ Kg7 1/2-1/2

[Event "1MCRE_F"]
[Site "?"]
[Date "2001.??.??"]
[Round "?"]
[White "Alexa, Jaroslav"]
[Black "Vrkoc, David"]
[Result "1/2-1/2"]
[WhiteElo "2380"]
[BlackElo "2335"]
[PlyCount "44"]
[EventDate "2001.??.??"]
[EventType "corr"]

1. d4 Nf6 2. Nf3 e6 3. c4 c5 4. d5 exd5 5. cxd5 d6 6. Nc3 g6 7. Nd2 Bg7 8. e4
O-O 9. Be2 Re8 10. O-O Nbd7 11. a4 Ne5 12. Ra3 g5 13. Qc2 g4 14. Nc4 Nh5 15.
Nxe5 Bxe5 16. g3 Ng7 17. Nd1 h5 18. Ne3 Bd4 19. Bd3 f5 20. a5 Qf6 21. Kg2 fxe4
22. Bxe4 Bd7 1/2-1/2